Pommern und die Ideologie der kaschubisch-pommerschen Bewegung

Titel: Pommern und die Ideologie der kaschubisch-pommerschen Bewegung
Verfasser:
In: Pommern, (1996), Seite 287-298
alle Artikel anzeigen
Veröffentlicht: 1996
Format: Aufsatz
Sprache: Deutsch
Kein Bild verfügbar
X
alg: 39147956
001A    $01999:11-11-16 
001B    $01999:25-04-21 $t10:52:09.000 
001D    $01999:11-11-16 
001U    $0utf8 
001X    $00 
002@    $0Aox 
003@    $0391479563 
007A    $0391479563 $aHEB 
007T    $0Herd08710 
010@    $ager 
011@    $a1996 
021A    $aPommern und die Ideologie der kaschubisch-pommerschen Bewegung 
028A    $#Borzyszkowski, Josef $#Bòrzëszkòwsczi, Józef $7103361952 $8Borzyszkowski, Józef$Z1946- [Tp1] $9138771383 
031A    $h287-298 $j1996 
037A    $aPolnische Fassung: Pomorze a ideologia ruchu kaszubsko-pomorskiego. In: Kwartalnik Historii Nauki i Techniki 41.1 (1996), 21-29 
039B    $aIn $8--Aau--. Pommern. - Greifswald : Steinbecker Verl. Rose, 1996. - 468 S.. - Ill., Kt.. - ISBN 3-931483-08-8 $x199600000000000713 $9050939963 
045F    $a305.80094382 $eDDC23BSB 
045F/01 $a305.8009 
045F/03 $g4382 
045F/03 $g43832 
045F/03 $g43816 

lok: 39147956 78

exp: 39147956 78 1 #EPN
201B/01 $004-02-21 $t00:19:50.000 
201U/01 $0utf8 
203@/01 $0787573655 
208@/01 $a11-11-16 $be 
209A/01 $a/ $f000 $x00 
220C/01 $aTitelaufnehmer: nk 
244Z/01 $2Trx $#Pomeranija $#Pommern $#Pomoransko $#Pomořansko $#Hinterpommern;Vorpommern;Mittelpommern $#Pomorze Środkowe;Pomorze Przednie $#Pomořansko;Západní Pomořany; Pomořany $8--Trx--Pomorze Zachodnie $x01 $9391303775 
244Z/01 $2Trx $#Prusy Wschodnie i Zachodnie $8--Trx--Ost- und Westpreußen $x02 $939113373X 
244Z/01 $aGeschichte 1843-1992 $x03 
244Z/01 $#Wójkasen $#Ceynowa, Florian $#Cenôva, Florjan $#Cenôva, Florian Stanislaw $#Cenova, Florian Stanislaw $#Cenáwa, Florian Stanislaw $#Cenówa, Florian Stanislaw $#Wójkasin ze Sławóśena $#Xadz Szmuk z Pucka $#Wójkwójc zw Sławoszena $#Cejnowa, Florian Stanisław $#Canôva, Florjan $#Cenôva, Florjan Stanisław $#Ceynowa, Florianus $#Cenôwa, Florión $7120483734 $8--Tp1--Ceynowa, Florian Stanisław$Z1817-1881 $x04 $9087947331 
244Z/01 $#Derdowski, Hieronim $#Derdowski, Hieronim Jarosz $#Derdowski, Jarosz Hieronim $#Derdowski, Jan Hieronim $#Herus Derda $#Derda, Herus $#Derdowski, Jarosz $#Derdowsczi, Jarosz $#Derdowsczi, Hieronim $7128712929 $8--Tp1--Derdowski, Hieronim$Z1852-1902 $x05 $9118736248 
244Z/01 $#Majkòwsczi, Aleksander $7121545598 $8--Tp1--Majkowski, Aleksander$Z1876-1938 $x06 $9090751183 
244Z/01 $2Trx $8--Trx--Kantak, Kamil$Z1881-1976 $x07 $9390607959 
244Z/01 $#Karnowski, Jan $712409807X $8--Tp1--Karnowski, Jan$Z1886-1939 $x08 $910749745X 
244Z/01 $2Trx $#kašuubid $#kašubai $#kaschubs $#kasubok $#Kaszubi $#Kašubovia $#Kašubové $#Kabatker $#Kabatkowie $8--Trx--Kaschuben $x09 $9391361384 
244Z/01 $2Trx $8--Trx--Einzelbeiträge $x10 $9391384570 
245Z/01 $a08.04.14 $x01 
247C/01 $82080>Marburg/Lahn, Herder-Institut, Forschungsbibliothek, Bibliographieportal $9336309341
LEADER 00000caa a22000002c 4500
001 391479563
003 DE-603
005 20210425105209.0
007 tu
008 161111s1996 xx |||| | u00||u|ger c
035 |a (DE-599)HEB391479563 
040 |a DE-603  |b ger  |c DE-603  |d DE-603 
041 |a ger 
082 0 4 |8 1\u  |a 305.80094382  |q DE-101  |2 23/BSB 
085 |8 1\u  |b 305.8009 
085 |8 1\u  |z 2  |s 4382 
085 |8 1\u  |z 2  |s 43832 
085 |8 1\u  |z 2  |s 43816 
100 1 |a Borzyszkowski, Józef  |d 1946-  |0 (DE-603)138771383  |0 (DE-588)103361952  |2 gnd 
245 0 0 |a Pommern und die Ideologie der kaschubisch-pommerschen Bewegung 
264 0 |c 1996 
500 |a Polnische Fassung: Pomorze a ideologia ruchu kaszubsko-pomorskiego. In: Kwartalnik Historii Nauki i Techniki 41.1 (1996), 21-29 
773 0 8 |i In  |t Pommern  |d Greifswald : Steinbecker Verl. Rose, 1996  |h 468 S., Ill., Kt.  |z 3931483088  |g (1996), Seite 287-298  |w (DE-603)050939963 
924 0 |9 2080  |a (DE-603)787573655  |b DE-2080  |c HES  |d d  |g /